Tradycje budownictwa organowego w Chojnicach

Titel: Tradycje budownictwa organowego w Chojnicach
Verfasser:
In: Organy i muzyka organowa, Band 6 (1986), Seite 217-230
alle Artikel anzeigen
Veröffentlicht: 1986
Format: Aufsatz
Sprache: Polnisch
Kein Bild verfügbar
X
alg: 39189635
001A    $01999:11-11-16 
001B    $01999:16-05-21 $t20:16:54.000 
001C    $06050:19-11-16 $t22:34:47.000 
001D    $01999:11-11-16 
001U    $0utf8 
001X    $00 
002@    $0Aox 
003@    $0391896350 
007A    $0391896350 $aHEB 
007T    $0Herd22381 
010@    $apol 
011@    $a1986 
021A    $aTradycje budownictwa organowego w Chojnicach 
027A    $aTraditionen der Orgelbaukunst in Konitz 
028A    $aŚcisłowicz $dStefan 
031A    $d6 $h217-230 $j1986 
039B    $aIn $8--Abvc--. Organy i muzyka organowa. - Gdańsk : PWSM, 1977- $x198600000060000783 $9069853657 
045F    $a307.094382 $eDDC23BSB 
045F/01 $a307.09 
045F/03 $g4382 
045F/03 $g43832 
045T    $a9,2 
046C    $aTraditionen der Orgelbaukunst in Konitz $bÜbers. des Hauptsacht. 

lok: 39189635 78

exp: 39189635 78 1 #EPN
201B/01 $003-09-18 $t22:45:10.000 
201U/01 $0utf8 
203@/01 $0787991953 
208@/01 $a11-11-16 $be 
209A/01 $a/ $f000 $x00 
220C/01 $aTitelaufnehmer: kl 
244Z/01 $2Trx $#Prusy Wschodnie i Zachodnie $8--Trx--Ost- und Westpreußen $x01 $939113373X 
244Z/01 $#Konitz $75058479-0 $8--Tg1--Chojnice $x02 $9044730381 
244Z/01 $2Trx $#orelid $#vargonai $#Organs $#orgonák $#organy $#organy $#varhany $8--Trx--Orgeln $x03 $9391375172 
244Z/01 $2Trx $#muusikainstrumentide ehitus $#muzikos instrumentų gamyba $#Musical instruments, construction of $#hangszergyártás $#instrumenty muzyczne budowa $#výroba hudobných nástrojov $#výroba hudebních nástrojů $#Orgelbauer $#výrobca organov $8--Trx--Musikinstrumentenbau $x04 $9391365762 
244Z/01 $2Trx $8--Trx--Zeitschriftenaufsatz $x05 $9391384341 
245Z/01 $a13.03 $x01 
245Z/01 $a11.09 $x02 
247C/01 $82080>Marburg/Lahn, Herder-Institut, Forschungsbibliothek, Bibliographieportal $9336309341
LEADER 00000caa a22000002c 4500
001 391896350
003 DE-603
005 20210516201654.0
007 tu
008 161111s1986 xx |||| | u00||u|pol c
035 |a (DE-599)HEB391896350 
040 |a DE-603  |b ger  |c DE-603  |d DE-603 
041 |a pol 
082 0 4 |8 1\u  |a 307.094382  |q DE-101  |2 23/BSB 
084 |a 9,2  |2 ssgn 
085 |8 1\u  |b 307.09 
085 |8 1\u  |z 2  |s 4382 
085 |8 1\u  |z 2  |s 43832 
100 1 |a Ścisłowicz, Stefan 
245 0 0 |a Tradycje budownictwa organowego w Chojnicach 
246 1 |i Übers. des Hauptsacht.  |a Traditionen der Orgelbaukunst in Konitz 
246 1 3 |a Traditionen der Orgelbaukunst in Konitz 
264 0 |c 1986 
773 0 8 |i In  |t Organy i muzyka organowa  |d Gdańsk : PWSM, 1977-  |g Band 6 (1986), Seite 217-230  |w (DE-603)069853657  |w (DE-600)1270076-9 
924 0 |9 2080  |a (DE-603)787991953  |b DE-2080  |c HES  |d d  |g /